| 000 | 00975nam a22002537a 4500 | ||
|---|---|---|---|
| 999 |
_c8095 _d8095 |
||
| 003 | AR-CdUCM | ||
| 008 | 190322b ||||| |||| 00| 0 spa d | ||
| 040 |
_aMUNICIPALIDAD PROVINCIAL DEL CUSCO _cBIBLIOTECA MUNICIPAL DEL CUSCO |
||
| 041 | _hrus | ||
| 082 |
_a530 / _bT54 |
||
| 100 |
_aTijonov, A. N. _922864 |
||
| 245 | _aEcuaciones de la Física Matemática / | ||
| 260 |
_aMoscú : _bMir ; _c1972. |
||
| 300 |
_a824 páginas ; _bFórmulas, diagramas, tablas _c22cm |
||
| 505 | _aContenido: Clasificación de las ecuaciones diferenciales en derivadas parciales -- Ecuaciones de tipo hiperbólico -- Ecuaciones de tipo parabólico -- Ecuaciones de tipo elíptico -- Propagación de las ondas en el espacio... | ||
| 650 |
_aEcuaciones _919076 |
||
| 650 |
_aOndas _919014 |
||
| 650 |
_aCalor _920847 |
||
| 650 |
_aEspacio _920858 |
||
| 700 |
_aSamarsky, A. A. _922865 |
||
| 700 |
_aTolosa, Juan José (traducción) _922866 |
||
| 942 |
_2ddc _cLIBROS |
||
| 945 | _anom | ||